000 nam a22 7a 4500
999 _c10451
_d10451
008 180217b ||||| |||| 00| 0 eng d
100 _aDhillon,R.S.etal.
_96381
245 _aPerfect Problem Solving Assessment-IX
260 _aNew Delhi
_bAPC
_c2012